Statystyki dla Państwa świata na pierwszą literę

Kliknij tutaj aby rozwiązać quiz!

Ogólne statystyki

  • Ten quiz został rozwiązany 264 razy
  • Średni wynik to 15 z 22

Statystyki odpowiedzi

OdpowiedźHint% Poprawnych
a...lbania
100%
b...elgia
94%
e...gipt
94%
c...zarnogóra
91%
d...ania
87%
f...rancja
84%
g...recja
83%
l...itwa
83%
i...ndie
79%
h...iszpania
75%
j...apoia
71%
k...anada
68%
m...ołdawia
59%
o...man
59%
r...umunia
56%
p...ortugalia
55%
n...iemcy
54%
s...erbia
48%
t...ajlandia
48%
u...kraina
43%
w...ęgry
40%
z...imbawe
33%

Rozkład punktacji

Percentyl według liczby udzielonych odpowiedzi

Procent ludzi z każdym wynikiem

Twoja historia wyników

Nie rozwiązałeś tego quizu